书目信息 |
| 题名: |
经济与管理科学中的数学模型
|
|
| 作者: | 王树禾 , 侯定丕 编著 | |
| 分册: | ||
| 出版信息: | 合肥 中国科学技术大学出版社 2000.2 |
|
| 页数: | 557页 | |
| 开本: | 20cm | |
| 丛书名: | ||
| 单 册: | ||
| 中图分类: | F224.0 | |
| 科图分类: | ||
| 主题词: | 管理学:数学--数学模型 , 经济数学--数学模型 | |
| 电子资源: | ||
| ISBN: | 7-312-01140-3 | |
| 000 | 00686nam0 2200217 45 | |
| 001 | 0201091078 | |
| 005 | 20031219104052.6 | |
| 010 | @a7-312-01140-3@dCNY25.00 | |
| 100 | @a20020109d2000 km y0chiy0120 ea | |
| 101 | 0 | @achi |
| 105 | @a z 000yy | |
| 200 | 1 | @a经济与管理科学中的数学模型@AJing Ji Yu Guan Li Ke Xue Zhong De Shu Xue Mo Xing@f王树禾,侯定丕编著@FWang Shu He,Hou Ding Pi Bian Zhu |
| 210 | @a合肥@c中国科学技术大学出版社@d2000.2 | |
| 215 | @a557页@d20cm | |
| 606 | 0 | @a管理学:数学@x数学模型 |
| 606 | 0 | @a经济数学@x数学模型 |
| 690 | @aF224.0@v4 | |
| 701 | 0 | @a王树禾@4编著 |
| 701 | 0 | @a侯定丕@4编著 |
| 801 | @aCN@bTSTC@c20020109 | |
| 905 | @f10@b303658-667@dF224.0@e119 | |
| 经济与管理科学中的数学模型/王树禾,侯定丕编著.-合肥:中国科学技术大学出版社,2000.2 |
| 557页;20cm |
| ISBN 7-312-01140-3:CNY25.00 |
| ● |
| 相关链接 |
|
|
|
|
正题名:经济与管理科学中的数学模型
索取号:F224.0/119
 
预约/预借
| 序号 | 登录号 | 条形码 | 馆藏地/架位号 | 状态 | 备注 |
| 1 | 0303658 | 203036589 | 第一借阅区/ [索取号:F224.0/119] | 在馆 | |
| 2 | 0303659 | 203036598 | 第一借阅区/ [索取号:F224.0/119] | 在馆 | |
| 3 | 0303660 | 203036605 | 密集书库/ [索取号:F224.0/119] | 在馆 | |
| 4 | 0303661 | 203036614 | 密集书库/ [索取号:F224.0/119] | 在馆 | |
| 5 | 0303662 | 203036623 | 密集书库/ [索取号:F224.0/119] | 在馆 | |
| 6 | 0303663 | 203036632 | 第一借阅区/ [索取号:F224.0/119] | 在馆 | |
| 7 | 0303664 | 203036641 | 第一借阅区/ [索取号:F224.0/119] | 在馆 | |
| 8 | 0303665 | 203036650 | 密集书库/ [索取号:F224.0/119] | 在馆 | |
| 9 | 0303666 | 203036669 | 密集书库/ [索取号:F224.0/119] | 在馆 | |
| 10 | 0303667 | 203036678 | 第一样本阅览室/ [索取号:F224.0/119] | 在馆 |